| 000 | 00756cam a2200229 a 4500 | ||
|---|---|---|---|
| 001 | 000005118 | ||
| 003 | DO-SdBNP | ||
| 005 | 20260421134728.0 | ||
| 008 | 941019r19931931ve a f000 0 spa | ||
| 010 | _a94220888 | ||
| 020 | _a9802311715 | ||
| 040 |
_aDO-SdBNP _cDLC |
||
| 082 |
_aVe861.408 _bB276o |
||
| 100 | 1 |
_aBarrios Cruz, Luis, _d1898-1968. _914667 |
|
| 245 | 1 | 0 |
_aObra poética completa : _bjuicios críticos / _cLuis Barrios Cruz. |
| 260 |
_aCaracas, Venezuela : _bCongreso de la República, _c1993. |
||
| 300 |
_a1 v. (varias paginas) : _bill. ; _c23 cm. |
||
| 500 | _aEdición homenaje Congreso de la República de Venezuela | ||
| 650 | 4 |
_aPoesía venezolana _xColecciones _99022 |
|
| 910 | _aCatalogación por copia / LC | ||
| 942 |
_2ddc _cLBS1 |
||
| 999 |
_c4921 _d4921 |
||